Κεφάλαια βυζαντινού ποινικού δικαίου

Αποθηκεύτηκε σε:
Λεπτομέρειες βιβλιογραφικής εγγραφής
Κύριος συγγραφέας: Τρωιάνος, Σπυρίδων Ν., 1933-
Μορφή: Βιβλίο
Γλώσσα:Greek
Δημοσίευση: Αθήνα ; Κομοτηνή : Αντ. Ν. Σάκκουλας, 1996.
Θέματα:
Ετικέτες: Προσθήκη ετικέτας
Δεν υπάρχουν, Καταχωρήστε ετικέτα πρώτοι!

MARC

LEADER 00000cam a2200000 i 4500
001 1/395
008 000403s1996 gr | ||| |||| ||gre||
020 |a 9602325615 
035 |l 10059643 
040 |a GR-MyUa  |b gre  |e AACR2 
041 0 |a gre 
082 7 |a 340.54   |2 (22) 
100 1 |a Τρωιάνος, Σπυρίδων Ν.,   |d 1933- 
245 1 0 |a Κεφάλαια βυζαντινού ποινικού δικαίου /   |c Σπύρος Ν. Τρωιάνος. 
260 |a Αθήνα ;   |a Κομοτηνή :   |b Αντ. Ν. Σάκκουλας,   |c 1996. 
300 |a 109 σ. ;   |c 24 εκ. 
650 0 0 |a Criminal law  |z Byzantine Empire. 
651 0 |a Byzantine Empire  |x Law and legislation. 
852 |a INST  |b LESVOS  |e 20000403  |h 340.53 ΤΡΩ  |p 005100020333  |q 005100020333  |t BK  |y 0 
901 |a BIBL1-2000-2 
922 |a 1ΕΛΗ  |b 200003  |c ΚΠΣ/ΤΚΑ  |d ΠΑΠΑΣΩΤΗΡΙΟΥ 
950 |a 117-1999-12-02 
970 |z 2000/08/ELIDOC